[Event "Wloclawek CC Classic 23rd"]
[Site "Wloclawek"]
[Date "2019.??.??"]
[Round "5"]
[White "Czekalski, Pawel"]
[Black "Muzalewski, Slawomir"]
[Result "0-1"]
[WhiteElo "1153"]
[BlackElo "1449"]
[PlyCount "68"]
[EventDate "2019.06.??"]
[EventType "swiss"]
[EventRounds "7"]
[EventCountry "POL"]
[SourceTitle "EXT 2021"]
[Source "ChessBase"]
[SourceDate "2020.10.23"]
[SourceVersion "1"]
[SourceVersionDate "2020.10.23"]
[SourceQuality "1"]

1. Nf3 Nf6 2. Nc3 d5 3. d4 Bf5 4. Bg5 e6 5. Ne5 Bb4 6. a3 Be7 7. h3 h6 8. g4 hxg5 9. gxf5 exf5 10. Bg2 c6 11. Qd3 g6 12. Qg3 Qb6 13. 0-0 Qxd4 14. Rfd1 Qh4 15. Qe3 g4 16. Rd3 gxh3 17. Qxh3 Qxh3 18. Bxh3 Nbd7 19. Nxd7 Nxd7 20. Re3 d4 21. Rd3 dxc3 22. bxc3 0-0-0 23. Kg2 Nc5 24. Re3 Bf6 25. Rb1 Rd2 26. Rc1 Ne4 27. c4 Bb2 28. Rb1 Rxc2 29. f3 Ng5 30. f4 Nxh3 31. a4 Nxf4+ 32. Kg3 g5 33. c5 Rh3+ 34. Kf2 Bd4 0-1

[Event "Wloclawek-ch"]
[Site "Wloclawek"]
[Date "2019.??.??"]
[Round "8"]
[White "Wojcik, Bartlomiej"]
[Black "Muzalewski, Slawomir"]
[Result "0-1"]
[WhiteElo "1100"]
[BlackElo "1437"]
[PlyCount "68"]
[EventDate "2019.09.??"]
[EventType "swiss"]
[EventRounds "9"]
[EventCountry "POL"]
[SourceTitle "EXT 2021"]
[Source "ChessBase"]
[SourceDate "2020.10.23"]
[SourceVersion "1"]
[SourceVersionDate "2020.10.23"]
[SourceQuality "1"]

1. e4 c5 2. Nf3 d6 3. Bb5+ Nc6 4. d4 cxd4 5. Nxd4 Bd7 6. 0-0 Nxd4 7. Bxd7+ Qxd7 8. Qxd4 e5 9. Qd3 Nf6 10. c4 Be7 11. Nc3 0-0 12. h3 Rac8 13. b3 Rfd8 14. f4 Qc6 15. Qf3 Rf8 16. g4 a6 17. g5 Nd7 18. Nd5 Bd8 19. Be3 f6 20. Qg4 Kh8 21. f5 fxg5 22. Bxg5 Nf6 23. Bxf6 Bxf6 24. Kh2 b5 25. Rg1 Rf7 26. Nxf6 gxf6 27. Rg2 bxc4 28. Rc1 c3 29. Rgc2 Qb6 30. Qf3 Rg7 31. Rg2 Rxg2+ 32. Kxg2 c2 33. Qd3 Rg8+ 34. Kh2 Qf2+ 0-1

[Event "Wloclawek CC Classic 21st"]
[Site "Wloclawek"]
[Date "2018.??.??"]
[Round "1"]
[White "Muzalewski, Slawomir"]
[Black "Cichocki, Konrad"]
[Result "0-1"]
[WhiteElo "1427"]
[BlackElo "1858"]
[PlyCount "114"]
[EventDate "2018.06.??"]
[EventType "swiss"]
[EventRounds "7"]
[EventCountry "POL"]
[SourceTitle "EXT 2021"]
[Source "ChessBase"]
[SourceDate "2020.10.23"]
[SourceVersion "1"]
[SourceVersionDate "2020.10.23"]
[SourceQuality "1"]

1. d4 Nf6 2. c4 e6 3. Nc3 Bb4 4. Bd2 0-0 5. Nf3 d5 6. e3 b6 7. cxd5 exd5 8. Qc2 Bb7 9. Bd3 Nbd7 10. 0-0 Re8 11. Ng5 Nf8 12. Rac1 a6 13. a3 Bd6 14. b4 h6 15. Nf3 Ne4 16. Ne2 a5 17. Bc3 Qe7 18. Rb1 Nd7 19. Bxe4 dxe4 20. Nd2 axb4 21. axb4 Bd5 22. b5 Ra2 23. Bb2 Qe6 24. Nc3 Ra5 25. Ra1 Rxa1 26. Rxa1 Nf6 27. Ra4 Qg4 28. h3 Qh4 29. Nxd5 Nxd5 30. Ba3 Bxa3 31. Rxa3 Qe7 32. Ra7 Qb4 33. Qc6 Nf6 34. Ra8 Rxa8 35. Qxa8+ Qf8 36. Qc6 Qb4 37. Qa8+ Kh7 38. Qa2 Qxb5 39. Qxf7 Qb4 40. Nc4 Qe1+ 41. Kh2 Qxf2 42. Qxc7 b5 43. Ne5 Qxe3 44. Qc8 Qf4+ 45. Kg1 e3 46. Qc2+ Qe4 47. Qxe4+ Nxe4 48. Kf1 Nc3 49. Nc6 Nd5 50. Ke2 Kg6 51. Ne5+ Kf5 52. Kd3 b4 53. g3 h5 54. Nc4 h4 55. Nd6+ Ke6 56. Ne4 hxg3 57. Ng5+ Kf5 0-1

[Event "Wloclawek-ch"]
[Site "Wloclawek"]
[Date "2017.??.??"]
[Round "2"]
[White "Czekalski, Pawel"]
[Black "Muzalewski, Slawomir"]
[Result "1-0"]
[WhiteElo "1181"]
[BlackElo "1421"]
[PlyCount "63"]
[EventDate "2017.10.??"]
[EventType "swiss"]
[EventRounds "9"]
[EventCountry "POL"]
[SourceTitle "EXT 2021"]
[Source "ChessBase"]
[SourceDate "2020.10.23"]
[SourceVersion "1"]
[SourceVersionDate "2020.10.23"]
[SourceQuality "1"]

1. e4 d6 2. Nc3 Nf6 3. d4 g6 4. Qe2 Bg7 5. h3 0-0 6. g4 Nc6 7. Be3 a6 8. d5 Ne5 9. f4 Ned7 10. Bg2 b5 11. Bf3 b4 12. Nd1 Bb7 13. g5 Ne8 14. h4 c6 15. h5 Bh8 16. Qh2 Nef6 17. hxg6 fxg6 18. Bd4 Rf7 19. gxf6 exf6 20. Bg4 Nf8 21. f5 g5 22. Bh5 Re7 23. Nf2 cxd5 24. Bg6 dxe4 25. 0-0-0 e3 26. Ng4 Bxh1 27. Qxh1 hxg6 28. Qd5+ Kh7 29. Nf3 gxf5 30. Rh1+ Kg6 31. Rh6+ Kg7 32. Bxf6# 1-0

[Event "Wloclawek CC Classic 18th"]
[Site "Wloclawek"]
[Date "2017.??.??"]
[Round "3"]
[White "Marzec, Konrad"]
[Black "Muzalewski, Slawomir"]
[Result "1/2-1/2"]
[WhiteElo "1484"]
[BlackElo "1350"]
[PlyCount "59"]
[EventDate "2017.04.??"]
[EventType "swiss"]
[EventRounds "7"]
[EventCountry "POL"]
[SourceTitle "EXT 2021"]
[Source "ChessBase"]
[SourceDate "2020.10.23"]
[SourceVersion "1"]
[SourceVersionDate "2020.10.23"]
[SourceQuality "1"]

1. e4 c5 2. Nf3 e6 3. d4 cxd4 4. Nxd4 a6 5. Bd3 Nf6 6. 0-0 b5 7. a4 b4 8. c3 Bb7 9. Re1 Nc6 10. Nxc6 Bxc6 11. cxb4 Bxb4 12. Bd2 Qa5 13. Bxb4 Qxb4 14. Qe2 0-0 15. Nc3 a5 16. Bb5 Rfc8 17. Rab1 Rab8 18. Bxc6 Rxc6 19. h3 Rc5 20. Red1 h6 21. Qe3 d6 22. Rd3 Rd8 23. b3 d5 24. exd5 Nxd5 25. Nxd5 Rcxd5 26. Rbd1 Rxd3 27. Rxd3 Rxd3 28. Qxd3 Qe1+ 29. Kh2 Qe5+ 30. Kg1 1/2-1/2

[Event "Wloclawek CC Classic 18th"]
[Site "Wloclawek"]
[Date "2017.??.??"]
[Round "2"]
[White "Muzalewski, Slawomir"]
[Black "Chojnicki, Edward"]
[Result "1-0"]
[WhiteElo "1350"]
[BlackElo "1800"]
[PlyCount "85"]
[EventDate "2017.04.??"]
[EventType "swiss"]
[EventRounds "7"]
[EventCountry "POL"]
[SourceTitle "EXT 2021"]
[Source "ChessBase"]
[SourceDate "2020.10.23"]
[SourceVersion "1"]
[SourceVersionDate "2020.10.23"]
[SourceQuality "1"]

1. e4 e5 2. Nf3 Nc6 3. Bc4 Bc5 4. c3 Nf6 5. d3 h6 6. 0-0 d6 7. d4 Bb6 8. Bb5 0-0 9. Bxc6 bxc6 10. dxe5 Nxe4 11. Nbd2 Ng5 12. Nxg5 hxg5 13. exd6 cxd6 14. Ne4 Ba6 15. Re1 f6 16. Nxd6 Qd7 17. Qb3+ Kh7 18. Nc4 Bc7 19. Qc2+ Kg8 20. Ne3 Rae8 21. Bd2 Bd3 22. Qb3+ Kh7 23. Qd1 Qf7 24. Qg4 Qg6 25. Qd7 Bxh2+ 26. Kxh2 Qh5+ 27. Qh3 Qxh3+ 28. Kxh3 Kg6 29. g4 Rh8+ 30. Kg3 Be4 31. f3 Rh6 32. Nf5 Rh7 33. Rxe4 Reh8 34. Kf2 Rh2+ 35. Ke3 Rd8 36. Rd1 c5 37. Re7 Rh7 38. Rxa7 Re8+ 39. Re7 Rg8 40. Bc1 Rgh8 41. Rdd7 Rg8 42. Rc7 c4 43. a4 1-0

[Event "Wloclawek CC Classic 19th"]
[Site "Wloclawek"]
[Date "2017.??.??"]
[Round "2"]
[White "Muzalewski, Slawomir"]
[Black "Milecki, Robert"]
[Result "1-0"]
[WhiteElo "1377"]
[BlackElo "1515"]
[PlyCount "71"]
[EventDate "2017.06.??"]
[EventType "swiss"]
[EventRounds "7"]
[EventCountry "POL"]
[SourceTitle "EXT 2021"]
[Source "ChessBase"]
[SourceDate "2020.10.23"]
[SourceVersion "1"]
[SourceVersionDate "2020.10.23"]
[SourceQuality "1"]

1. Nf3 Nf6 2. g3 b6 3. Bg2 Bb7 4. 0-0 e6 5. d4 Be7 6. c4 0-0 7. Nc3 Ne4 8. Qc2 Nxc3 9. bxc3 Nc6 10. e4 Na5 11. Nd2 Ba6 12. e5 Rb8 13. Be4 h6 14. Bh7+ Kh8 15. Bd3 d5 16. cxd5 Bxd3 17. Qxd3 Qxd5 18. f4 c5 19. f5 cxd4 20. cxd4 exf5 21. Rxf5 Nc6 22. Nf3 Rbd8 23. Be3 g6 24. Rf4 Nxe5 25. Nxe5 Qxe5 26. Re4 Qd6 27. Bxh6 Rfe8 28. Rd1 Bf6 29. Rxe8+ Rxe8 30. Bf4 Qd5 31. a4 Re4 32. Be3 Qe6 33. Bf2 Qd5 34. Qb5 Rxd4 35. Qxd5 Rxd5 36. Rxd5 1-0

[Event "Wloclawek CC Classic 18th"]
[Site "Wloclawek"]
[Date "2017.??.??"]
[Round "6"]
[White "Muzalewski, Slawomir"]
[Black "Musial, Adam"]
[Result "0-1"]
[WhiteElo "1350"]
[BlackElo "1735"]
[PlyCount "118"]
[EventDate "2017.04.??"]
[EventType "swiss"]
[EventRounds "7"]
[EventCountry "POL"]
[SourceTitle "EXT 2021"]
[Source "ChessBase"]
[SourceDate "2020.10.23"]
[SourceVersion "1"]
[SourceVersionDate "2020.10.23"]
[SourceQuality "1"]

1. d4 d5 2. Nf3 Nf6 3. Bf4 c6 4. h3 Bf5 5. e3 e6 6. Be2 Bd6 7. Ne5 Qc7 8. g4 Bg6 9. h4 h6 10. Nxg6 fxg6 11. Bxd6 Qxd6 12. Qd3 Kf7 13. h5 g5 14. Qg6+ Kf8 15. Nd2 Qe7 16. Rf1 Qe8 17. Qd3 Ke7 18. Qa3+ Kd7 19. f4 gxf4 20. Rxf4 Qe7 21. Qb3 Kc7 22. 0-0-0 Nbd7 23. Rdf1 Rhf8 24. c4 Nh7 25. c5 e5 26. R4f2 e4 27. Qa3 Ndf6 28. Rf5 Ng5 29. Re5 Qd7 30. Rff5 Nf7 31. b4 Nxe5 32. dxe5 Nh7 33. Rxf8 Nxf8 34. Qa5+ Kb8 35. Nb3 Qc7 36. Qxc7+ Kxc7 37. Nd4 Kd7 38. b5 Ne6 39. bxc6+ bxc6 40. Nf5 Rg8 41. Kb2 Nxc5 42. Kc3 Ne6 43. Kb3 Rb8+ 44. Kc3 c5 45. a4 c4 46. Bd1 a5 47. Nd6 Kc6 48. Nb5 Rf8 49. Kd2 Kc5 50. Nc3 Ng5 51. Ke2 Re8 52. Kf2 Rxe5 53. Kg3 d4 54. exd4+ Kxd4 55. Ne2+ Kd3 56. Nf4+ Kd2 57. Be2 c3 58. Bc4 c2 59. Nd3 exd3 0-1

[Event "Wloclawek CC Classic 14th"]
[Site "Wloclawek"]
[Date "2015.??.??"]
[Round "6"]
[White "Lapinski, Jerzy"]
[Black "Muzalewski, Slawomir"]
[Result "0-1"]
[WhiteElo "1577"]
[BlackElo "1800"]
[PlyCount "100"]
[EventDate "2015.06.??"]
[EventType "swiss"]
[EventRounds "7"]
[EventCountry "POL"]
[SourceTitle "EXT 2021"]
[Source "ChessBase"]
[SourceDate "2020.10.23"]
[SourceVersion "1"]
[SourceVersionDate "2020.10.23"]
[SourceQuality "1"]

1. d4 d5 2. Nf3 Nf6 3. c4 Bg4 4. e3 e6 5. Nc3 Bb4 6. Be2 Bxc3+ 7. bxc3 dxc4 8. Bxc4 Ne4 9. Bb2 0-0 10. Bd3 f5 11. h3 Bh5 12. g4 Bg6 13. Ne5 Qh4 14. Qe2 Be8 15. Nf3 Qf6 16. g5 Nxg5 17. Nxg5 Qxg5 18. Kd2 f4 19. Rhg1 fxe3+ 20. fxe3 Qh4 21. Raf1 Rxf1 22. Rxf1 Qxh3 23. Qf2 Nd7 24. Be4 Nf6 25. Kd3 Bc6 26. Bxc6 bxc6 27. Ba3 Qg4 28. Qf4 Qxf4 29. Rxf4 Rb8 30. e4 h6 31. e5 Nd5 32. Rg4 Kh7 33. c4 Nb6 34. Rf4 Rd8 35. Rf7 Rd7 36. Rf3 Na4 37. Ke4 Nb6 38. Kd3 Kg6 39. Bf8 Rf7 40. Rg3+ Kh7 41. Bb4 g5 42. Bd2 Kg6 43. Be3 Rf5 44. Rg2 h5 45. Rb2 Rf3 46. Rg2 g4 47. Rf2 Rxf2 48. Bxf2 Kf5 49. Bg3 Nc8 50. Ke3 Ne7 0-1

[Event "Wloclawek CC Classic 14th"]
[Site "Wloclawek"]
[Date "2015.??.??"]
[Round "4"]
[White "Lebiedzinski, Maciej"]
[Black "Muzalewski, Slawomir"]
[Result "1-0"]
[WhiteElo "1615"]
[BlackElo "1800"]
[PlyCount "72"]
[EventDate "2015.06.??"]
[EventType "swiss"]
[EventRounds "7"]
[EventCountry "POL"]
[SourceTitle "EXT 2021"]
[Source "ChessBase"]
[SourceDate "2020.10.23"]
[SourceVersion "1"]
[SourceVersionDate "2020.10.23"]
[SourceQuality "1"]

1. e4 d6 2. Nf3 Bg4 3. Be2 e5 4. d4 Nd7 5. Be3 h6 6. 0-0 f5 7. exf5 e4 8. Nfd2 Bxf5 9. Nc3 Ngf6 10. f3 exf3 11. Rxf3 Qe7 12. Bf2 Be6 13. Re3 c6 14. Bh5+ Kd8 15. Bg6 Kc7 16. Bf5 Qd8 17. Rxe6 g5 18. Qe2 h5 19. b4 a6 20. Re1 h4 21. Nce4 d5 22. Nc5 Bd6 23. c4 Nf8 24. Rxd6 Qxd6 25. Qe7+ N6d7 26. Nxd7 Nxd7 27. c5 Qxe7 28. Rxe7 Rad8 29. Nf3 Rhe8 30. Rxe8 Rxe8 31. Bxd7 Kxd7 32. Ne5+ Ke6 33. Kf1 Kf5 34. Ke2 Ke4 35. a4 Rg8 36. Ng4 Kf5 1-0

[Event "Wloclawek CC Classic 14th"]
[Site "Wloclawek"]
[Date "2015.??.??"]
[Round "2"]
[White "Muzalewski, Slawomir"]
[Black "Dyrka, Milosz"]
[Result "0-1"]
[WhiteElo "1800"]
[BlackElo "1303"]
[PlyCount "47"]
[EventDate "2015.06.??"]
[EventType "swiss"]
[EventRounds "7"]
[EventCountry "POL"]
[SourceTitle "EXT 2021"]
[Source "ChessBase"]
[SourceDate "2020.10.23"]
[SourceVersion "1"]
[SourceVersionDate "2020.10.23"]
[SourceQuality "1"]

1. e4 c5 2. Nf3 e6 3. d4 cxd4 4. Nxd4 a6 5. a3 Nf6 6. Nc3 b5 7. Bg5 Be7 8. f4 Bb7 9. Bd3 d6 10. Qf3 Nbd7 11. f5 e5 12. Nde2 Nc5 13. b4 Nxd3+ 14. cxd3 Rc8 15. 0-0 Qb6+ 16. Be3 Qd8 17. Qg3 h5 18. h3 Rh7 19. Rad1 Qc7 20. Rc1 Qb8 21. Qf2 d5 22. Ba7 Qd6 23. Bc5 Qd7 24. Bxe7 0-1